00761nam a2200241 a 4500001001300000003000900013005001700022008004100039020001000080082001700090100003700107245005400144260005900198300000900257500003500266505001000301650001900311700003700330902000800367942000700375952012000382999001700502nice12345678IN_TiNIC20260116015125.0050524s1994 kuwa grp 000 0 eng  ac10000a953.67bCEN1 aCentre For Research And Studie,  aKuwaiti Resistance as Revealed By Iraqi Documents aKuwaitbCentre for Research and Studies on Kuwaic1994 a367p aincludes index and biblioraphy2 aIndex aKuwait-History1 aCentre For Research And Studie,  bSRS cBK 001040708StackRoom-aHMIbHMId2007-04-03g100.00l0o953.67 CEN1p11000036r2007-04-03v100.00w2005-05-24yBK c18400d18400